000 00260nam a2200097Ia 4500
001 657865
005 20250826154624.0
008 250824s9999 xx 000 0 und d
245 0 _aEV SAHİBESİ ANTİK YENİ
_cDOSTOYEVSKİ
260 _bANTİK DÜNYA KLASİKLERİ
999 _c657865
_d657865